[Event "Toronto Howard Ridout op"]
[Site "Toronto"]
[Date "2008.09.25"]
[Round "3"]
[White "Umana, Mario"]
[Black "Armstrong, Robert J"]
[Result "1-0"]
[WhiteElo "1430"]
[BlackElo "1834"]
[PlyCount "77"]
[EventDate "2008.09.11"]
[EventType "swiss"]
[EventRounds "7"]
[EventCountry "CAN"]
[SourceTitle "EXT 2011"]
[Source "ChessBase"]
[SourceDate "2010.11.26"]
[SourceVersion "1"]
[SourceVersionDate "2010.11.26"]
[SourceQuality "1"]

1. Nf3 g6 2. g3 Bg7 3. Bg2 Nf6 4. d3 0-0 5. 0-0 d5 6. Nbd2 Nc6 7. Re1 e5 8. e4 Bg4 9. b3 d4 10. a4 Qd7 11. Qe2 Nh5 12. Nc4 f5 13. exf5 Rxf5 14. h3 Bxf3 15. Bxf3 Raf8 16. Bg4 Qf7 17. Bxf5 gxf5 18. Kg2 Qg6 19. g4 fxg4 20. Qxg4 Qf6 21. f3 Nf4+ 22. Bxf4 Qxf4 23. Qxf4 Rxf4 24. Re4 Rf5 25. Rg1 Kf7 26. f4 exf4 27. Rf1 Bh6 28. Kf3 Kf6 29. h4 Nb4 30. Rf2 c5 31. Nd6 Rd5 32. Nxb7 Nc6 33. Rfe2 Ne5+ 34. Rxe5 Rxe5 35. Rxe5 Kxe5 36. Nxc5 Kd5 37. Ne4 a5 38. h5 Ke5 39. Nc5 1-0